Comprenhensive treatise of electrochemistry

Saved in:
Bibliografiske detaljer
Main Authors: Bockris, John O' M (Author), Conway, Brian E (Author), Yeager, Ernest (Author), White, Ralph E (Author)
Format: Bog
Sprog:engelsk
Udgivet: Nueva York Plenum 1981
Fag:
Tags: Tilføj Tag
Ingen Tags, Vær først til at tagge denne postø!

MARC

LEADER 00000nam a2200000 a 4500
001 UCU3658
003 CL-VaPUC
008 960510e19810000US |||||||||||||||||eng|d
082 0 4 |a 541.37  |b BOC  |2 21 
100 0 |a Bockris, John O' M  |e author  |9 360739 
700 0 |a Conway, Brian E  |e author  |9 360740 
700 0 |a Yeager, Ernest  |e author  |9 360741 
700 0 |a White, Ralph E  |e author  |9 360742 
245 1 0 |a Comprenhensive treatise of electrochemistry 
300 |a 4 v 
942 |c BK 
945 |d 19960510 00:00:00  |a paguirre 
260 |a Nueva York  |b Plenum  |c 1981 
500 |a v.2: Electrochemical processing 
500 |a v.3: Electrochemical energy conversion and storage 
500 |a v.4: Electrochemical materials science 
650 0 |a Electroquímica  |9 263973 
650 0 |a Hidrógeno   |9 360743 
650 7 |a ELECTROLISIS  |2 CL-VaPUC  |9 360639 
650 7 |a HIDROCARBUROS ALIFATICOS  |2 CL-VaPUC  |9 360727 
650 7 |a IONES  |2 CL-VaPUC  |9 337399 
650 0 |a Electrometalurgia  |9 263654 
650 0 |a Propiedades eléctricas   |9 271909 
650 0 |a Energía   |9 259431 
650 0 |a Pilas de combustible  |9 360673 
650 7 |a BATERIAS ELECTRICAS  |2 CL-VaPUC  |9 339662 
583 |a last modification  |c 20130123 12:51:00  |k Rodrigo Vera 
999 |c 247592  |d 247590 
952 |0 0  |1 0  |4 0  |6 541_370000000000000_BOC_1981  |7 0  |8 A  |9 263606  |a BIBCUR  |b BIBCUR  |d 2019-11-19  |h v.4  |i 1782665  |o 541.37 BOC 1981  |p 1782665  |r 2025-04-22  |w 2019-11-19  |y BK  |k QUI